000 01334nam a2200349 a 4500
001 000109593
003 CHAP
005 20220329144056.0
008 140513s2014 mx sm |||||||spa d
010 _a106055
011 _a107027
040 _cCHAP
090 _aTesis
100 1 _aMartínez Escobar, Ana
_9127050
245 1 0 _aIdentificación de orquídeas, plan de manejo y propuesta de una UMA en el orquidario Tilzapote, Ejido Tiltepec, Jiquipilas, Chiapas
_h[En línea]
_cpor Ana Martínez Escobar y Roberto Pérez González.
260 _aChapingo, Méx. :
_bEl autor,
_c2014.
500 _aPara ver el contenido del material haga clic en la liga
502 _aTesis (Ing. Agr. Esp. en Fitotecnia) -- UACH. Departamento de Fitotecnia
590 _aBATCH-UPD
_b10
_c20141002
_lUCH01
_h0903
590 _aE11695DGD
_b10
_c20140526
_lUCH01
_h1028
590 _aE6096MTM
_b05
_c20140513
_lUCH01
_h1005
590 _aE6096MTM
_b05
_c20140513
_lUCH01
_h1006
650 1 4 _aOrquidáceas
_xClasificación.
_983725
650 1 4 _aOrquidáceas
_xVariedades.
_983739
650 1 4 _aOrquidaceas
_zChiapas.
_983721
650 1 4 _aPlantas silvestres.
_989083
700 1 _aPérez González, Roberto
_9127051
856 _aFinding aid
_uhttp://10.13.5.2/tesis/sist109593.pdf
_zTeclea aquí
901 _aBK
942 _cTESIS
942 _n0
999 _c106055
_d106055